Normal view
MARC view
- Kuratko, D. F
Entry Personal Name
001 - CONTROL NUMBER
- control field: 85024
003 - CONTROL NUMBER IDENTIFIER
- control field: NUST
005 - DATE AND TIME OF LATEST TRANSACTION
- control field: 20211124114248.0
008 - FIXED-LENGTH DATA ELEMENTS
- fixed length control field: 211124|| aca||aabn | a|a d
040 ## - CATALOGING SOURCE
- Original cataloging agency: NUST
- Transcribing agency: NUST
100 ## - HEADING--PERSONAL NAME
- Personal name: Kuratko, D. F
670 ## - SOURCE DATA FOUND
- Source citation: Work cat.: (NUST)33311: Kuratko, D. F., Entrepreneurship :, 2012.
